| 000 | 00715nam a2200241 a 4500 | ||
|---|---|---|---|
| 999 |
_c805 _d805 |
||
| 008 | 191031s2011 ii a|||g |||| 00| 0 eng d | ||
| 020 |
_a9788125949657 _cRs. 340.00 |
||
| 040 |
_aKO _beng |
||
| 041 | 0 | _aeng | |
| 044 | _aii | ||
| 082 | 0 | 4 |
_223 _a620 _bG748 |
| 100 | 1 | _aGowri, S. | |
| 245 | 1 | 0 |
_aEngineering Practices Lab Manual : _bCivil, Mechanical, Electrical, Electronics / _cS. Gowri, T. Jeyapoovan |
| 250 | _a5th ed. | ||
| 260 |
_aNoida : _bVikas Publishing House Pvt Ltd, _c2011 |
||
| 300 |
_aVarious pagination : _bill. ; _c24 cm. |
||
| 650 | 0 |
_aEngineering _vTextbooks |
|
| 650 | 0 |
_aEngineering--Experiments _vTextbooks |
|
| 700 | 1 |
_aJeyapoovan, T. _eaut |
|
| 904 | _aS_JOY | ||
| 942 | _cBK | ||